NFL Players From BYU - Statistics

General Stats
  • This quiz has been taken 9 times
  • The average score is 7 of 15
Answer Stats
Hint Answer % Correct
QB MIA Zach Wilson
89%
RB ATL Tyler Allgeier
78%
QB MIN Jaren Hall
56%
QB PHI Ty Detmer
56%
OL CAR Brady Christensen
44%
QB ARI Max Hall
44%
WR IND Austin Collie
33%
OL NYG Bart Oates
33%
DL PIT Brett Keisel
33%
DL BAL Bronson Kaufusi
33%
TE PHI Chad Lewis
33%
WR WAS Dax Milne
33%
DL DET Ezekiel Ansah
33%
LS MIA John Denney
33%
TE KC Matt Bushman
33%
No matching quizzes found
Score Distribution
Percent of People with Each Score
Percentile by Number Answered
Your Score History
You have not taken this quiz